000 00370nam a2200157Ia 4500
003 Ost
005 20260225132552.0
008 260225s9999||||xx |||||||||||||| ||und||
040 _cfsic
041 _afre
082 _a440
100 _aBelkacem ould moussa
_eAuteur
245 0 _aLes chemins de l'indépendence /
245 0 _cBelkacem ould moussa
942 _cكتاب
999 _c34237
_d34237